|
|
|
|
| LEADER |
00000nam2a2200000 4500 |
| 001 |
383876 |
| 005 |
20231101063201.0 |
| 035 |
|
|
|a (RuTPU)RU\TPU\prd\9909
|
| 090 |
|
|
|a 383876
|
| 100 |
|
|
|a 20030121a20029999k y0rusy50 ca
|
| 101 |
0 |
|
|a rus
|
| 102 |
|
|
|a RU
|
| 200 |
0 |
|
|a Т. 43, № 1
|
| 210 |
|
|
|d 2002
|
| 461 |
|
1 |
|0 (RuTPU)RU\TPU\prd\1755
|x 0037-4474
|t Сибирский математический журнал
|o научный журнал
|f Российская академия наук (РАН), Сибирское отделение (СО), Институт математики им. С. Л. Соболева (ИМ)
|v Т. 43, № 1
|d 1964-
|
| 801 |
|
0 |
|a RU
|b 63413507
|c 20010227
|g PSBO
|
| 801 |
|
1 |
|a RU
|b 63413507
|c 20030121
|g PSBO
|
| 801 |
|
2 |
|a RU
|b 63413507
|c 20131210
|g RCR
|
| 942 |
|
|
|c BK
|
| 999 |
|
|
|a НТБ_ТПУ
|b НФ
|e -1/20020212
|p П-7186
|s 2/20020226
|u 0,00
|v 1
|